归纳生物学课本中的那些"三" - Statistics

General Stats
  • This quiz has been taken 17 times
  • The average score is 35 of 345
Answer Stats
Hint Answer % Correct
物种形成的三个基本环节 突变和基因重组
80%
可遗传变异的三种来源 基因重组
67%
基因突变
67%
物种多样性
60%
隔离
53%
染色体变异
47%
细胞外液(内环境)主要包括三种成分 血浆
47%
组织液
47%
免疫调节
47%
人体有三道防线 完整的皮肤和黏膜、分泌物、正常菌群
47%
脂质分为三类 脂肪
47%
生物多样性主要包括三个层次 遗传多样性
40%
生态系统多样性
40%
淋巴液
40%
酸碱度
40%
温度
40%
血浆渗透压大小的三种主要影响物质 血浆蛋白质
40%
机体维持稳态的主要调节机制包括三种调节 神经调节
40%
树突
40%
免疫细胞
40%
降低血糖的三种去向 葡萄糖的氧化分解
40%
肾上腺素
40%
多尿
40%
多食
40%
分级调节的三条轴(下丘脑一垂体一?) 甲状腺
40%
抗原的成分 蛋白质
40%
激素成分 蛋白质多肽类
40%
Na+
40%
自然选择
33%
轴突
33%
巨噬细胞
33%
升高血糖的三种激素 胰高血糖素
33%
通过体液运输
33%
糖尿病患者的三多 多饮
33%
参与甲状腺激素分级调节的三种内分泌腺 下丘脑
33%
垂体
33%
甲状腺激素
33%
参与调节植物生命活动的环境因素(信号)主要三种
33%
信息的传递
33%
传递光能
33%
免疫活性物质主要有三种 抗体
27%
非糖物质的转化
27%
合成肝糖原、肌糖原
27%
参与甲状腺激素分级调节的三种激素 促甲状腺激素释放激素
27%
促甲状腺激素
27%
灭菌方法 高温灭菌
27%
组成元素为 C、H、O 的化合物 糖类
27%
ATP的形成
27%
能量载体三种 ATP
27%
二苯胺检验DNA
27%
细胞外液(内环境)理化性质的三个主要方面 渗透压
20%
内分泌调节
20%
突触包括三种结构 突触前膜
20%
突触间隙
20%
突触后膜
20%
神经元的结构主要包括 细胞体
20%
免疫系统主要包括 免疫器官
20%
免疫活性物质
20%
溶菌酶
20%
树突状细胞
20%
信息分子主要有三种 神经递质
20%
激素
20%
肝糖原的分解
20%
转化为非糖物质
20%
激素调节的特点主要有三种 微量高效
20%
肾上腺皮质
20%
环境因素
20%
多糖
20%
基因工程
20%
真核细胞分裂方式 有丝分裂
20%
糖类分为三类 单糖
20%
磷脂
20%
能量
20%
抗原呈递细胞包括有三种 B 淋巴细胞
20%
淋巴细胞包括 B淋巴细胞
20%
细胞因子
13%
特异性
13%
性腺
13%
生态系统的功能 能量流动
13%
物质循环
13%
信息传递
13%
固醇类
13%
氨基酸
13%
光反应的三个反应 水的光解
13%
碳反应的三个反应 二氧化碳的固定
13%
DNA 体内复制过程需要的蛋白质 解旋酶
13%
细胞质基质
13%
线粒体内膜
13%
无丝分裂
13%
减数分裂
13%
固醇
13%
光合色素的功能 吸收光能
13%
转化光能
13%
膜内外有浓度差
13%
种类
13%
Cl-
13%
基因工程操作的三个工具 DNA连接酶
13%
T淋巴细胞
13%
生物进化的三种趋势 从水生到陆生
7%
从低等到高等
7%
从简单到复杂
7%
血浆中的水有三种来源 消化道
7%
升高血糖的三种来源 食物中糖类的消化、吸收
7%
糖皮质激素
7%
调节中枢位于下丘脑的例子主要有三种 血糖调节
7%
体温调节
7%
水盐调节
7%
免疫系统的三大功能 防御
7%
自稳
7%
监视
7%
重力
7%
信息传递的信息类型 物理信息
7%
化学信息
7%
行为信息
7%
维持种群繁殖
7%
调节种间关系维持生态系统稳定
7%
年龄结构类型 增长型
7%
稳定型
7%
生物群落功能上成分组成 生产者
7%
消费者
7%
分解者
7%
抗原呈递细胞作用 摄取
7%
呈递
7%
中枢免疫器官主要是 B(T)淋巴细胞___、___、___的场所 分化
7%
增殖
7%
汗腺
7%
细胞工程
7%
微生物需要的营养物质生长因子包括 维生素
7%
培养基按物理状态分为 固体培养基
7%
液体培养基
7%
选择培养基
7%
过滤除菌
7%
辐射灭菌
7%
菌种选育的方法 自然分离筛选纯化
7%
细胞核移植技术
7%
受精卵
7%
胚胎分割
7%
限制性内切核酸酶
7%
载体
7%
PCR 的基本程序 变性
7%
退火
7%
聚合
7%
基因工程的受体细胞种类 植物细胞
7%
动物细胞
7%
能量流动三个去向 呼吸作用
7%
有氧呼吸三个阶段 糖酵解
7%
三羧酸循环
7%
电子传递链
7%
三碳化合物还原
7%
五碳糖再生
7%
ATP 产生场所 类囊体膜
7%
鉴定需要加热的试验 班氏试剂检验还原糖
7%
双糖
7%
催化反应进行
7%
发生质壁分离的条件 存活的成熟植物细胞
7%
神经元按功能分为 感觉神经元
7%
运动神经元
7%
核苷酸序列包括 | 氨基酸序列包括 数目
7%
排列顺序
7%
植物细胞培养技术
7%
植物体内天然生长素主要有三种 吲哚-3-乙酸(IAA)
7%
DNA聚合酶
7%
影响 DNA 带电泳速度的因素 DNA分子大小
7%
DNS检验还原糖
7%
细胞因子主要有三种 干扰素
0%
白细胞介素
0%
肿瘤坏死因子
0%
体液中的杀菌物质和吞噬细胞
0%
体液和细胞免疫
0%
植物生长调节剂的优点主要有三种 容易合成
0%
原料广泛
0%
效果稳定
0%
生长素表现两重性的例子主要有三种: 根的向地性
0%
顶端优势
0%
农作物中除双子叶杂草
0%
上述调节的具体过程 结合受体
0%
信号转导
0%
基因表达
0%
信息传递作用 维持个体生命活动的正常进行
0%
衰退型
0%
影响种群特征的生物因素 捕食
0%
寄生
0%
竞争(种内、种间)
0%
J 型增长的前提条件 食物空间充裕
0%
气候适宜
0%
无天敌和种内竞争
0%
影响生态系统稳定性的因素 | 群落特征 物种组成
0%
物种丰富度
0%
优势种
0%
群落次生演替过程经历阶段 草本植物阶段
0%
灌木阶段
0%
森林阶段
0%
生物具有与群落环境相适应的特征 形态结构
0%
生理特征
0%
空间分布
0%
食物链的类型 捕食链
0%
寄生链
0%
腐生链
0%
生态金字塔类型 能量金字塔
0%
生物量金字塔
0%
数量金字塔
0%
水循环的主要环节 降水
0%
蒸发
0%
径流
0%
生态平衡的特征 结构稳定
0%
功能完善
0%
能量输入和输出稳定
0%
营养结构
0%
全球性环境问题 全球气候变化
0%
臭氧层破坏
0%
环境污染(农业、工业、生活垃圾)
0%
环境友好是指 人与自然和谐共处
0%
人类的生产和消费活动与自然生态系统相协调
0%
人类社会处于可持续发展状态
0%
免疫疾病 过敏反应
0%
自身免疫病
0%
免疫缺陷病
0%
加工
0%
自然杀伤细胞
0%
发育
0%
成熟
0%
外周免疫器官主要是 B(T)淋巴细胞___、___、___的场所 定居
0%
免疫应答
0%
异物性
0%
大分子
0%
脂类
0%
炎热体温调节的效应器 皮肤血管
0%
立毛肌
0%
氨基酸衍生物
0%
生物工程主要包括 发酵工程
0%
含氮碱基
0%
半固体培养基
0%
培养基按基本用途分为 通用培养基
0%
诱变育种
0%
菌种的逐级扩大培养包括 斜面培养
0%
三角瓶
0%
种子罐
0%
植物组织培养技术应用方面 快速繁殖
0%
植物脱毒
0%
单倍体育种
0%
次生代谢产物的产生分布的特异性表现在 种属
0%
器官组织
0%
生长发育阶段
0%
诱导动物细胞融合的方法 电融合
0%
聚乙二醇
0%
灭活的仙台病毒
0%
克隆三个水平 分子水平
0%
细胞水平
0%
个体水平
0%
克隆动物包括的三个技术手段 动物细胞培养技术
0%
胚胎移植技术
0%
试管婴儿包括的三个技术手段 体外受精技术
0%
干细胞根据分化潜能分为 单能干细胞
0%
多能干细胞
0%
全能干细胞
0%
胚胎工程的操作对象主要是 | 转基因动物的受体细胞 生殖细胞
0%
早期胚胎细胞
0%
胚胎工程包括技术 体外受精
0%
胚胎移植
0%
体外受精包括 超数排卵
0%
采集卵母细胞
0%
精子的采集与获能
0%
破译遗传密码
0%
基因工程的三个技术支撑 发现运载工具
0%
开发工具酶
0%
基因工程三个应用价值 探究基因功能
0%
改良遗传形状
0%
制造生物产品
0%
化学合成
0%
大规模筛选(鸟枪法)
0%
酸奶(后熟)
0%
微生物细胞
0%
转化方法 电击
0%
氯化钙
0%
农杆菌转化法
0%
诱导性多能干细胞
0%
转基因植物的受体细胞 愈伤组织
0%
胚胎组织
0%
生物武器的特点 致病性强、有传染性、用量少且普遍易感
0%
传播简便多样、发病有潜伏期
0%
制备容易、花费小
0%
流向下一级
0%
流向分解者
0%
电场强度
0%
细胞质膜的功能 控制物质进出
0%
细胞间信息交流
0%
维持细胞结构
0%
组蛋白甲基化
0%
进化证据 化石证据
0%
比较解剖学证据
0%
分子生物学证据
0%
就地保护的措施 禁猎
0%
禁入
0%
恢复植被
0%
蛋白质三大功能 构成生物体结构
0%
原生质体伸缩性大于细胞壁
0%
主动运输的条件 转运蛋白
0%
逆浓度梯度
0%
联络神经元
0%
比例
0%
蛋白质合成错误
0%
细胞器功能下降
0%
细胞衰老的外因 营养物质缺失
0%
温度变化
0%
辐射和化学物质刺激
0%
植物细胞工程包括的技术手段 植物组织培养技术
0%
植物体细胞杂交技术
0%
脐血干细胞移植优点 无来源限制
0%
对人类白细胞抗原配型要求低
0%
不易受到病毒或肿瘤的污染
0%
4-氯吲哚乙酸
0%
鉴别培养基
0%
基因工程的三个理论基础 揭示DNA是遗传物质
0%
确立DNA双螺旋结构和中心法则
0%
实现DNA体外重组
0%
需要 4 度处理的物质 DNA提取
0%
DNA短时间保存
0%
DNA结合蛋白
0%
DNA分子构型
0%
表观遗传调控机制 DNA甲基化
0%
细胞衰老的内因 DNA损伤
0%
NADH
0%
NADPH的形成
0%
NADPH
0%
苯乙酸(PAA)
0%
获取目的基因的方法 PCR
0%
RNA干扰
0%
No matching quizzes found
Score Distribution
Percent of People with Each Score
Percentile by Number Answered
Your Score History
You have not taken this quiz